Diccionario geográfico universal, que comprende la descripción de las quatro partes del mundo ...

Detalles Bibliográficos
Formato: Libro
Publicado: Madrid 1814
Materias:
Colección:Banco de datos
Acervo:Biblioteca Nacional de Antropología e Historia. Fondo Conventual
Descripción Física:t. II
Tema general:Diccionarios
Notas:Buena. XX,9,10
LEADER 00699nam a22001930004500
035 |a 10852 
036 |a 5457 
245 1 0 |a Diccionario geográfico universal, que comprende la descripción de las quatro partes del mundo ...  |c rev. Antonio Vegas 
260 |a Madrid  |b Francisco Martínez Dávila  |c 1814 
300 |a t. II 
500 |a Buena. XX,9,10 
650 1 0 |a Diccionarios 
949 |a B.N.A.H. 
959 |a Biblioteca Nacional de Antropología e Historia. Ciudad de México  |b CCC1 
960 |a Seminario de Morelia  |b DD56 
961 |a Casa de formación del Clero Secular  |b CS 
942 |c B.N.A.H. 
943 |g Biblioteca Nacional de Antropología e Historia. Fondo Conventual 
999 |c 1035384  |d 1035384